000 nam a22 a 4500
999 _c29
_d29
003 AKMAL
005 20170413120324.0
008 170413s2001 my 00 eng
020 _a9832390001 (pbk.):
_cRM20.00
040 _aAKMAL
082 0 4 _a950.429
_221
090 0 0 _a950.429
_bMAH
100 0 _aMahathir Mohamad,
_cTun,
_d1925-
_941
245 1 0 _aReflections on Asia /
_cMahathir Mohamad
260 _aKuala Lumpur :
_bMillennium Books,
_c2001
300 0 0 _a152p. ;
_c21cm
500 _aIncludes index
651 0 _aAsia
_xEconomic conditions
_9103
651 0 _aMalaysia
_xEconomic policy
_949
651 0 _aAsia
_xPolitics and government
_9104
651 0 _aMalaysia
_xSocial conditions
_945
651 0 _aMalaysia
_xForeign relations
_zAsia
_9105
651 0 _aAsia
_xForeign relations
_xMalaysia
_9106
942 _2ddc
_cBOOK